Aplicación web para comunicación y control de un prototipo de control domótico implementado en una plataforma de hardware arduino

Guardado en:
書目詳細資料
主要作者: Wong Méndez, Sergio Antonio , 1987-
其他作者: Pérez Mora, Aramis, 1978- Director/a de Proyecto Eléctrico
格式: 圖書
語言:Spanish
出版: [San José, Costa Rica] 2012
主題:
標簽: 添加標簽
沒有標簽, 成為第一個標記此記錄!

MARC

LEADER 00000nam a22000007a 4500
003 010851
005 20240129093547.0
008 151026b2012 CR a|||| |||| 00| ||spa d
040 |c cru CEDI  
090 |a TFG 6673 
100 |9 1395  |a Wong Méndez, Sergio Antonio , 1987- 
245 |a  Aplicación web para comunicación y control de un prototipo de control domótico implementado en una plataforma de hardware arduino  
260 |a [San José, Costa Rica]  |c  2012 
300 |a  x, 77, [55] hojas : ilustraciones (algunas a color) 
500 |a Proyecto de graduación (bachillerato en ingeniería eléctrica)--Universidad de Costa Rica. Facultad de Ingeniería. Escuela de Ingeniería 
501 |a Profesora Guía de IE-0502 Proyecto Eléctrico: Ing. Aramis Pérez Mora 
650 |x EDIFICIOS INTELIGENTES   |x SISTEMAS DE CONTROL DIGITAL  |x CONTROL AUTOMATICO  |x ARQUITECTURA - INNOVACIONES TECNOLOGICAS  |x REGULADORES ELECTRICOS   |9 1772 
700 |a Pérez Mora, Aramis, 1978-   |d Director/a de Proyecto Eléctrico   |9 1338 
942 |c CEDI 
999 |c 14271  |d 14271